Historia e historiografía constitucionales. Entrevistas con Ernst-Wolfgang Böckenförde, Michel Troper, Maurice Vile y Maurizio Fioravanti.

保存先:
書誌詳細
その他の著者: Varela Suanzes-Carpegna, Joaquín (編集者)
フォーマット: 不明
言語:英語
出版事項: Madrid, España. Trotta, 2015
主題:
オンライン・アクセス:Indice
タグ: タグ追加
タグなし, このレコードへの初めてのタグを付けませんか!

MARC

LEADER 00000 a2200000 4500
003 CL-VaPUC
005 20211022094523.0
008 201211b ||||| |||| 00| 0 eng d
999 |c 431883  |d 431881 
020 |a 9788498795738 
040 |c Pontificia Universidad Católica de Valparaíso 
082 |a 342 VAR 2015 
100 |a Varela Suanzes-Carpegna, Joaquín   |9 857034  |e editor  
245 |a Historia e historiografía constitucionales.  |b Entrevistas con Ernst-Wolfgang Böckenförde, Michel Troper, Maurice Vile y Maurizio Fioravanti. 
260 |a Madrid, España.  |b Trotta,  |c 2015 
300 |a 160 páginas  
583 |k Cristina Rojas  |c 20201211 
650 |a Historia constitucional   |z Europa   |9 858649 
650 |a Historiografía constitucional   |z Europa   |9 858650 
650 |a Historiografía constitucional   |z España   |9 858651 
852 |a BIBHIS 
856 |u https://www.trotta.es/static/pdf/Indice_Varela.pdf  |y Indice 
942 |2 ddc  |c BK 
952 |0 0  |1 0  |2 ddc  |4 0  |6 342_000000000000000_VAR_2015  |7 0  |8 A  |9 577094  |a BIBHIS  |b BIBHIS  |d 2020-12-11  |e 3  |g 0.00  |i 5579627  |o 342 VAR 2015  |p 5579627  |r 2025-01-20  |t 1  |v 0.00  |w 2020-12-11  |y BK  |k HIS